00182nam a2200073Ia 4500008004100000100002000041245002500061260002200086190216s9999||||xx |||||||||||||| ||und|| aProf.Chacko K C 0aVasthu Balathanthram bKerala Basha Inst